[Event "Titled Tuesday intern op 06th May Early"]
[Site "Chess.com INT"]
[Date "2025.05.06"]
[Round "9"]
[White "Bezerra, Flavio Rodrigo Cost"]
[Black "Gant, Chris"]
[Result "1-0"]
[WhiteElo "2096"]
[BlackElo "2056"]
[PlyCount "55"]
[EventDate "2025.05.06"]
[EventType "swiss (blitz)"]
[EventRounds "11"]
[EventCountry "USA"]
[SourceTitle "CB20_2025"]
[SourceDate "2025.05.14"]
[SourceVersion "1"]
[SourceVersionDate "2025.05.14"]
[SourceQuality "1"]

1. d4 Nf6 2. Bf4 c5 3. e3 g6 4. c3 Bg7 5. Nf3 0-0 6. Nbd2 d6 7. h3 Nc6 8. Be2 cxd4 9. exd4 e5 10. dxe5 dxe5 11. Nxe5 Nd5 12. Nxc6 bxc6 13. Bg3 Re8 14. 0-0 Bxc3 15. Nc4 Bg7 16. Nd6 Rf8 17. Qb3 Be6 18. Qa4 Bxb2 19. Rab1 Nc3 20. Qa6 Nxb1 21. Rxb1 Bg7 22. Qxc6 Qd7 23. Qa6 Bd4 24. Rd1 Bb6 25. Bf3 Rab8 26. Ne4 Qe7 27. Bd6 Qe8 28. Nf6+ 1-0

[Event "Titled Tuesday intern op 06th May Early"]
[Site "Chess.com INT"]
[Date "2025.05.06"]
[Round "4"]
[White "Kuchava, Ana"]
[Black "Gant, Chris"]
[Result "1-0"]
[WhiteElo "2094"]
[BlackElo "2056"]
[PlyCount "39"]
[EventDate "2025.05.06"]
[EventType "swiss (blitz)"]
[EventRounds "11"]
[EventCountry "USA"]
[SourceTitle "CB20_2025"]
[SourceDate "2025.05.14"]
[SourceVersion "1"]
[SourceVersionDate "2025.05.14"]
[SourceQuality "1"]

1. c4 g6 2. Nc3 Bg7 3. g3 e5 4. Bg2 Nc6 5. d3 Nge7 6. e3 0-0 7. Nge2 d6 8. 0-0 Be6 9. Nd5 Qd7 10. Rb1 a5 11. a3 Rac8 12. b4 axb4 13. axb4 Bh3 14. b5 Bxg2 15. bxc6 bxc6 16. Nxe7+ Qxe7 17. Kxg2 c5 18. Qc2 Rb8 19. Bd2 Qd7 20. Nc3 1-0

[Event "Titled Tuesday intern op 06th May Early"]
[Site "Chess.com INT"]
[Date "2025.05.06"]
[Round "6"]
[White "Leinov, Roman"]
[Black "Gant, Chris"]
[Result "1-0"]
[WhiteElo "2120"]
[BlackElo "2056"]
[PlyCount "75"]
[EventDate "2025.05.06"]
[EventType "swiss (blitz)"]
[EventRounds "11"]
[EventCountry "USA"]
[SourceTitle "CB20_2025"]
[SourceDate "2025.05.14"]
[SourceVersion "1"]
[SourceVersionDate "2025.05.14"]
[SourceQuality "1"]

1. d4 Nf6 2. c4 c5 3. d5 b5 4. a4 bxc4 5. Nc3 d6 6. e4 Nbd7 7. f4 g6 8. Bxc4 Bg7 9. Nf3 0-0 10. a5 a6 11. 0-0 Ne8 12. Re1 Nc7 13. e5 Rb8 14. Qe2 Nb5 15. Nxb5 axb5 16. Bxb5 Ra8 17. e6 Nf6 18. exf7+ Rxf7 19. Ng5 Rf8 20. Bd2 Kh8 21. Bc3 Nxd5 22. Bxg7+ Kxg7 23. Bc6 Nxf4 24. Qxe7+ Qxe7 25. Rxe7+ Kf6 26. Nxh7+ Kxe7 27. Bxa8 Ne2+ 28. Kh1 Rh8 29. Ng5 Ba6 30. Re1 Kf6 31. Bf3 Ng3+ 32. Kg1 Kxg5 33. hxg3 Rd8 34. Rd1 Bc4 35. Rc1 d5 36. b3 Bxb3 37. Rxc5 Kf6 38. a6 1-0

[Event "Titled Tuesday intern op 25th Feb Early"]
[Site "Chess.com INT"]
[Date "2025.02.25"]
[Round "1"]
[White "Golding, Alex"]
[Black "Gant, Chris"]
[Result "1-0"]
[WhiteElo "2365"]
[BlackElo "2056"]
[PlyCount "103"]
[EventDate "2025.02.25"]
[EventType "swiss (blitz)"]
[EventRounds "11"]
[EventCountry "USA"]
[SourceTitle "CB10_2025"]
[SourceDate "2025.03.05"]
[SourceVersion "1"]
[SourceVersionDate "2025.03.05"]
[SourceQuality "1"]

1. d4 Nf6 2. Nf3 c5 3. c3 g6 4. dxc5 Bg7 5. Nbd2 0-0 6. e4 d6 7. cxd6 exd6 8. Bd3 d5 9. 0-0 Nc6 10. h3 Re8 11. Qc2 Qc7 12. exd5 Nxd5 13. Rd1 Nf4 14. Bf1 Bf5 15. Qa4 Nd3 16. Nb3 Rad8 17. Bxd3 Bxd3 18. Bf4 Qb6 19. Re1 Bb5 20. Qa3 Bf8 21. Rxe8 Rxe8 22. Bd6 Ne5 23. Bxf8 Nxf3+ 24. gxf3 Rxf8 25. Qc5 Qxc5 26. Nxc5 Bc6 27. Kg2 Rd8 28. a4 Rd2 29. b4 b6 30. Ne4 Bxe4 31. fxe4 Rc2 32. Ra3 Kg7 33. Kf3 Kf6 34. Ke3 Ke5 35. f4+ Ke6 36. Kd4 Rh2 37. c4 Rd2+ 38. Rd3 Ra2 39. a5 bxa5 40. b5 Rf2 41. Ke3 Rh2 42. Kd4 Rf2 43. Ra3 Rxf4 44. Rxa5 Rh4 45. Ra6+ Kd7 46. Rxa7+ Kc8 47. Rxf7 Rxh3 48. c5 h5 49. c6 Rh1 50. b6 Rd1+ 51. Ke5 Rc1 52. Rf8# 1-0

[Event "Titled Tuesday intern op 26th Nov Late"]
[Site "Chess.com INT"]
[Date "2024.11.26"]
[Round "6"]
[White "Gant, Chris"]
[Black "Alieva, Alexandra"]
[Result "1-0"]
[WhiteElo "2056"]
[BlackElo "2054"]
[PlyCount "69"]
[EventDate "2024.11.26"]
[EventType "swiss (blitz)"]
[EventRounds "11"]
[EventCountry "USA"]
[SourceTitle "CB49_2024"]
[SourceDate "2024.12.04"]
[SourceVersion "1"]
[SourceVersionDate "2024.12.04"]
[SourceQuality "1"]

1. d4 Nf6 2. c4 c5 3. d5 b5 4. cxb5 a6 5. Nc3 g6 6. e4 Bg7 7. e5 Ng4 8. Qxg4 d6 9. e6 0-0 10. Nf3 fxe6 11. dxe6 Rf6 12. Bc4 axb5 13. Bd5 Ra5 14. 0-0 Na6 15. Bg5 Rf8 16. Qh4 Re8 17. Rfe1 Nb4 18. Be4 Bxe6 19. Bxg6 hxg6 20. Rxe6 Nc2 21. Rc1 Nd4 22. Nxd4 cxd4 23. Nd5 d3 24. Rxe7 Rxe7 25. Nxe7+ Kf7 26. Qf4+ Ke6 27. Re1+ Be5 28. Qg4+ Kf7 29. Nc6 Qc7 30. Nxa5 Qxa5 31. Qd1 Bxb2 32. Re7+ Kg8 33. Qb3+ Kh8 34. Re8+ Kg7 35. Qg8# 1-0

[Event "Titled Tuesday intern op 13th Aug Early"]
[Site "Chess.com INT"]
[Date "2024.08.13"]
[Round "1"]
[White "Chizhikov, Vladislav"]
[Black "Gant, Chris"]
[Result "1-0"]
[WhiteElo "2242"]
[BlackElo "2056"]
[PlyCount "57"]
[EventDate "2024.08.13"]
[EventType "swiss (blitz)"]
[EventRounds "11"]
[EventCountry "USA"]
[SourceTitle "EXT 2025"]
[Source "ChessBase"]
[SourceDate "2024.10.14"]
[SourceVersion "1"]
[SourceVersionDate "2024.10.14"]
[SourceQuality "1"]

1. e4 c5 2. Nf3 Nc6 3. c3 Nf6 4. e5 Nd5 5. d4 cxd4 6. cxd4 d6 7. Bc4 Nb6 8. Bb5 a6 9. Bxc6+ bxc6 10. Qe2 e6 11. 0-0 Be7 12. Nbd2 0-0 13. Ne4 d5 14. Ng3 c5 15. dxc5 Bxc5 16. Be3 Be7 17. Nd4 Bd7 18. b3 Qc7 19. f4 Qb7 20. Qg4 g6 21. Rf3 Bb5 22. Nh5 Bd3 23. Nf6+ Bxf6 24. exf6 h5 25. Qg5 Nd7 26. Rh3 Rac8 27. Rxh5 Nxf6 28. Rh4 Qe7 29. Qh6 1-0

[Event "Titled Tuesday intern op 13th Aug Early"]
[Site "Chess.com INT"]
[Date "2024.08.13"]
[Round "6"]
[White "Maksimovic, Masa"]
[Black "Gant, Chris"]
[Result "1-0"]
[WhiteElo "2094"]
[BlackElo "2056"]
[PlyCount "83"]
[EventDate "2024.08.13"]
[EventType "swiss (blitz)"]
[EventRounds "11"]
[EventCountry "USA"]
[SourceTitle "EXT 2025"]
[Source "ChessBase"]
[SourceDate "2024.10.14"]
[SourceVersion "1"]
[SourceVersionDate "2024.10.14"]
[SourceQuality "1"]

1. e4 c5 2. Nf3 Nc6 3. d4 cxd4 4. Nxd4 g6 5. Nc3 Bg7 6. Be3 Nf6 7. Nxc6 bxc6 8. e5 Ng8 9. Bd4 Nh6 10. e6 0-0 11. exd7 Qxd7 12. Bxg7 Kxg7 13. Qxd7 Bxd7 14. 0-0-0 Be6 15. Be2 Nf5 16. Bf3 Rac8 17. g3 c5 18. h4 Nd4 19. Bd5 Bg4 20. Rd2 Rfd8 21. Bg2 Nf3 22. Bxf3 Bxf3 23. Re1 e6 24. Re3 Bc6 25. Red3 Rxd3 26. Rxd3 Rc7 27. Kd2 Kf6 28. Ke3 Ke7 29. Ne4 c4 30. Rc3 Bd5 31. b3 f5 32. Nd2 Kd6 33. Nxc4+ Bxc4 34. Rxc4 Rxc4 35. bxc4 Kc5 36. Kd3 e5 37. f3 h6 38. g4 e4+ 39. fxe4 fxg4 40. e5 a5 41. Ke3 Kxc4 42. e6 1-0

[Event "Titled Tuesday intern op 07th May Late"]
[Site "Chess.com INT"]
[Date "2024.05.07"]
[Round "3"]
[White "Seder, Mohamad"]
[Black "Gant, Chris"]
[Result "1-0"]
[WhiteElo "2079"]
[BlackElo "2056"]
[PlyCount "31"]
[EventDate "2024.05.07"]
[EventType "swiss (blitz)"]
[EventRounds "11"]
[EventCountry "USA"]
[SourceTitle "EXT 2025"]
[Source "ChessBase"]
[SourceDate "2024.10.14"]
[SourceVersion "1"]
[SourceVersionDate "2024.10.14"]
[SourceQuality "1"]

1. e4 c5 2. c3 b6 3. g3 Bb7 4. Bg2 f5 5. exf5 Bxg2 6. Qh5+ g6 7. fxg6 Nf6 8. g7+ Nxh5 9. gxh8Q Bxh1 10. Qxh7 d6 11. Qxh5+ Kd7 12. f3 Nc6 13. Qh3+ Kc7 14. Qf1 Ne5 15. d4 Nf7 16. Ne2 1-0

[Event "Titled Tuesday intern op 30th Apr Early"]
[Site "Chess.com INT"]
[Date "2024.04.30"]
[Round "11"]
[White "Fabris, Alberto"]
[Black "Gant, Chris"]
[Result "1-0"]
[WhiteElo "2230"]
[BlackElo "2056"]
[PlyCount "81"]
[EventDate "2024.04.30"]
[EventType "swiss (blitz)"]
[EventRounds "11"]
[EventCountry "USA"]
[SourceTitle "CBM 220 Extra"]
[Source "ChessBase"]
[SourceDate "2024.07.31"]
[SourceVersion "1"]
[SourceVersionDate "2024.07.31"]
[SourceQuality "1"]

1. e4 c5 2. Nc3 a6 3. g3 b5 4. Bg2 Bb7 5. d3 e6 6. f4 d5 7. e5 Ne7 8. Nf3 Nf5 9. 0-0 Be7 10. g4 Nd4 11. Nxd4 cxd4 12. Ne2 Nc6 13. Bd2 0-0 14. Ng3 Qc7 15. Qe2 Rae8 16. Rf2 a5 17. Re1 b4 18. f5 Bh4 19. Qf3 f6 20. exf6 Ne5 21. Qf4 gxf6 22. fxe6 Rxe6 23. Rfe2 Rfe8 24. Kh1 Bg5 25. Qf5 Bxd2 26. Rxd2 Kh8 27. Rde2 Bc8 28. Qf4 Bb7 29. Qxd4 Qg7 30. Qf4 d4 31. Nf5 Qf7 32. Bxb7 Qxb7+ 33. Re4 Qc7 34. R1e2 a4 35. h3 b3 36. axb3 axb3 37. cxb3 Qb7 38. Kh2 Qxb3 39. Qh6 Qb7 40. Nh4 Qg7 41. Qh5 1-0

[Event "Titled Tuesday intern op 30th Apr Early"]
[Site "Chess.com INT"]
[Date "2024.04.30"]
[Round "2"]
[White "Gant, Chris"]
[Black "Novik, Maxim"]
[Result "0-1"]
[WhiteElo "2056"]
[BlackElo "2415"]
[PlyCount "60"]
[EventDate "2024.04.30"]
[EventType "swiss (blitz)"]
[EventRounds "11"]
[EventCountry "USA"]
[SourceTitle "CBM 220 Extra"]
[Source "ChessBase"]
[SourceDate "2024.07.31"]
[SourceVersion "1"]
[SourceVersionDate "2024.07.31"]
[SourceQuality "1"]

1. d4 Nf6 2. c4 g6 3. Nc3 d5 4. Nf3 Bg7 5. Qb3 dxc4 6. Qxc4 0-0 7. Bf4 Na6 8. e4 c5 9. d5 e6 10. d6 b5 11. Qxb5 Rb8 12. Qe2 Qa5 13. Qd2 Rxb2 14. Qxb2 Nxe4 15. Be5 Nxc3 16. Bxg7 Na4+ 17. Qd2 Nb4 18. Rc1 Kxg7 19. Be2 Rd8 20. 0-0 Qb6 21. Rfd1 f6 22. Bc4 Nc6 23. Rb1 Qa5 24. Qxa5 Nxa5 25. d7 Rxd7 26. Rxd7+ Bxd7 27. Bb3 Nc3 28. Rc1 Ne2+ 29. Kf1 Nxc1 30. Ne1 Bb5+ 0-1

[Event "Titled Tuesday intern op 30th Apr Early"]
[Site "Chess.com INT"]
[Date "2024.04.30"]
[Round "5"]
[White "Gant, Chris"]
[Black "Rodrigues Mota, Romulo Cardoso S"]
[Result "0-1"]
[WhiteElo "2056"]
[BlackElo "1978"]
[PlyCount "60"]
[EventDate "2024.04.30"]
[EventType "swiss (blitz)"]
[EventRounds "11"]
[EventCountry "USA"]
[SourceTitle "CBM 220 Extra"]
[Source "ChessBase"]
[SourceDate "2024.07.31"]
[SourceVersion "1"]
[SourceVersionDate "2024.07.31"]
[SourceQuality "1"]

1. d4 Nf6 2. c4 e6 3. g3 Bb4+ 4. Bd2 Qe7 5. Bg2 0-0 6. Nf3 d5 7. 0-0 b6 8. Nc3 Ba6 9. Ne5 Bxc3 10. bxc3 Ne4 11. cxd5 exd5 12. c4 c5 13. cxd5 cxd4 14. f4 f5 15. Bxe4 fxe4 16. Qb3 Qd6 17. Bb4 Qf6 18. Bxf8 Kxf8 19. Qb4+ Qe7 20. Qxd4 Nd7 21. Qxe4 Nf6 22. Qd4 Rd8 23. Rad1 Rxd5 24. Qb2 Qc5+ 25. Kh1 Rxd1 26. Rxd1 Bb7+ 27. Nf3 Qf2 28. Qa3+ Kf7 29. Qd3 Be4 30. Qb3+ Kg6 0-1

[Event "Titled Tuesday intern op 30th Apr Early"]
[Site "Chess.com INT"]
[Date "2024.04.30"]
[Round "3"]
[White "Gant, Chris"]
[Black "Venkatesan, Kavin"]
[Result "0-1"]
[WhiteElo "2056"]
[BlackElo "2204"]
[PlyCount "70"]
[EventDate "2024.04.30"]
[EventType "swiss (blitz)"]
[EventRounds "11"]
[EventCountry "USA"]
[SourceTitle "CBM 220 Extra"]
[Source "ChessBase"]
[SourceDate "2024.07.31"]
[SourceVersion "1"]
[SourceVersionDate "2024.07.31"]
[SourceQuality "1"]

1. d4 Nf6 2. c4 e6 3. g3 d5 4. Bg2 Bb4+ 5. Bd2 Be7 6. Nf3 0-0 7. Nc3 Nbd7 8. Qc2 c6 9. h4 dxc4 10. Ng5 e5 11. dxe5 Nxe5 12. Nce4 Nxe4 13. Qxe4 Bxg5 14. hxg5 Ng6 15. Qxc4 Be6 16. Qc2 Bd5 17. e4 Be6 18. f4 Qe7 19. Bf3 f6 20. gxf6 Rxf6 21. Bc3 Rff8 22. 0-0-0 b5 23. Kb1 Qf7 24. b3 Rfd8 25. Rde1 a5 26. f5 Ne7 27. Qh2 Bxf5 28. exf5 h6 29. f6 Nd5 30. Bxd5 Qxd5 31. fxg7 Qd3+ 32. Kb2 Rd6 33. Qxh6 Rxh6 34. Rxh6 Kf7 35. Rf1+ Qxf1 0-1

[Event "Titled Tuesday intern op 30th Apr Early"]
[Site "Chess.com INT"]
[Date "2024.04.30"]
[Round "6"]
[White "Morales, Carlos1"]
[Black "Gant, Chris"]
[Result "1-0"]
[WhiteElo "2121"]
[BlackElo "2056"]
[PlyCount "95"]
[EventDate "2024.04.30"]
[EventType "swiss (blitz)"]
[EventRounds "11"]
[EventCountry "USA"]
[SourceTitle "CBM 220 Extra"]
[Source "ChessBase"]
[SourceDate "2024.07.31"]
[SourceVersion "1"]
[SourceVersionDate "2024.07.31"]
[SourceQuality "1"]

1. e4 c5 2. Nf3 Nc6 3. Bb5 g6 4. 0-0 Bg7 5. Bxc6 dxc6 6. d3 Nf6 7. Re1 0-0 8. a4 Ne8 9. a5 Nc7 10. Nbd2 Ne6 11. h3 Nd4 12. Nc4 Be6 13. Nxd4 cxd4 14. b3 Qc7 15. Qf3 b5 16. axb6 axb6 17. Bf4 Qb7 18. Be5 Bxc4 19. Bxg7 Kxg7 20. bxc4 Qc7 21. e5 Ra5 22. Qe4 c5 23. Rab1 Ra2 24. Qe2 Rfa8 25. h4 R8a3 26. h5 Rc3 27. Rbc1 Qc6 28. Qd2 Qa4 29. h6+ Kg8 30. Qg5 Qe8 31. Re2 Rxd3 32. cxd3 Rxe2 33. Rb1 Qd8 34. Qg3 Ra2 35. e6 f6 36. f4 Qd6 37. Qf3 Ra7 38. Qe4 f5 39. Qd5 Qxd5 40. cxd5 Rb7 41. Kf2 Kf8 42. Ra1 Rb8 43. Ra7 b5 44. d6 exd6 45. Rxh7 Re8 46. Rh8+ Ke7 47. Rxe8+ Kxe8 48. h7 1-0

[Event "Titled Tuesday intern op 02nd Apr Early"]
[Site "Chess.com INT"]
[Date "2024.04.02"]
[Round "5"]
[White "Gant, Chris"]
[Black "Curi, Gabriel"]
[Result "1/2-1/2"]
[WhiteElo "2056"]
[BlackElo "2106"]
[PlyCount "106"]
[EventDate "2024.04.02"]
[EventType "swiss (blitz)"]
[EventRounds "11"]
[EventCountry "USA"]
[SourceTitle "CBM 219 Extra"]
[Source "ChessBase"]
[SourceDate "2024.05.31"]
[SourceVersion "1"]
[SourceVersionDate "2024.05.31"]
[SourceQuality "1"]

1. d4 d5 2. Nf3 Nf6 3. c4 c6 4. g3 Bg4 5. Bg2 Nbd7 6. 0-0 e6 7. Qb3 Qb6 8. c5 Qc7 9. Bf4 Qc8 10. Nc3 Be7 11. Ne5 Nxe5 12. Bxe5 0-0 13. f3 Bh5 14. Rae1 Nd7 15. Bf4 e5 16. Bxe5 Nxe5 17. dxe5 Bxc5+ 18. Kh1 Bg6 19. e4 dxe4 20. Nxe4 Bb6 21. Nd6 Qe6 22. f4 Qxb3 23. axb3 Bc2 24. Nxb7 Bxb3 25. Bxc6 Rac8 26. Bf3 Rc2 27. Re2 Rfc8 28. Nd6 Rxe2 29. Nxc8 Rxb2 30. Nxb6 axb6 31. Kg1 g6 32. Rf2 Rxf2 33. Kxf2 Kf8 34. Ke3 Ke7 35. Kd4 Kd7 36. Kc3 Be6 37. Kb4 Kc7 38. Kb5 Bd7+ 39. Kb4 Bc6 40. Be2 Be4 41. Bc4 Kc6 42. Bxf7 b5 43. Bg8 h6 44. Bf7 g5 45. fxg5 hxg5 46. h4 gxh4 47. gxh4 Bd3 48. h5 Kd7 49. h6 Ke7 50. Bg8 Bg6 51. h7 Bxh7 52. Bxh7 Ke6 53. Kxb5 Kxe5 1/2-1/2

[Event "Titled Tuesday intern op 02nd Apr Early"]
[Site "Chess.com INT"]
[Date "2024.04.02"]
[Round "3"]
[White "Gant, Chris"]
[Black "Matveeva, Olga"]
[Result "0-1"]
[WhiteElo "2056"]
[BlackElo "2156"]
[PlyCount "100"]
[EventDate "2024.04.02"]
[EventType "swiss (blitz)"]
[EventRounds "11"]
[EventCountry "USA"]
[SourceTitle "CBM 219 Extra"]
[Source "ChessBase"]
[SourceDate "2024.05.31"]
[SourceVersion "1"]
[SourceVersionDate "2024.05.31"]
[SourceQuality "1"]

1. d4 d5 2. Nf3 Nf6 3. c4 e6 4. g3 Bb4+ 5. Bd2 Be7 6. Bg2 0-0 7. Qc2 c6 8. h4 Nbd7 9. Ng5 dxc4 10. Na3 e5 11. dxe5 Nxe5 12. Nxc4 Nxc4 13. Qxc4 Bf5 14. Rd1 Qb6 15. Qc1 Bc5 16. 0-0 Ng4 17. e3 Rad8 18. Be4 Bxe4 19. Nxe4 Bb4 20. Bxb4 Qxb4 21. Nc3 h5 22. Rxd8 Rxd8 23. Rd1 Qe7 24. Rxd8+ Qxd8 25. Qd1 Qxd1+ 26. Nxd1 Kf8 27. Kg2 Ke7 28. Kf3 Ke6 29. Nc3 Ke5 30. Na4 b6 31. Nc3 g6 32. Ke2 Nf6 33. f3 Nd5 34. Nd1 c5 35. e4 Nb4 36. a3 Nc6 37. Ke3 Na5 38. f4+ Ke6 39. Kd3 b5 40. Ne3 Nc6 41. Nd5 Kd6 42. Nc3 a6 43. e5+ Ke6 44. Ke4 Nd4 45. Nd5 Ne2 46. Nc7+ Kd7 47. Nxa6 Kc6 48. Nb8+ Kc7 49. Na6+ Kb6 50. Nb8 Nxg3+ 0-1

[Event "Guernsey op 46th"]
[Site "St James"]
[Date "2022.10.17"]
[Round "2"]
[White "Gant, Chris"]
[Black "Morgan, Jamie"]
[Result "1/2-1/2"]
[WhiteElo "2091"]
[BlackElo "1741"]
[PlyCount "121"]
[EventDate "2022.10.16"]
[EventType "swiss"]
[EventRounds "7"]
[EventCountry "GCI"]
[SourceTitle "EXT 2024"]
[Source "ChessBase"]
[SourceDate "2023.10.10"]
[SourceVersion "1"]
[SourceVersionDate "2023.10.10"]
[SourceQuality "1"]

1. d4 Nf6 2. c4 c5 3. d5 b5 4. cxb5 a6 5. b6 Qxb6 6. Nc3 d6 7. Nf3 g6 8. e4 Bg7 9. a4 Bg4 10. Be2 Bxf3 11. Bxf3 Nbd7 12. a5 Qd8 13. 0-0 0-0 14. Be2 Ne8 15. Be3 Nc7 16. Qd2 Rb8 17. f4 Rb4 18. Rab1 Qb8 19. e5 Qb7 20. Bf3 Nb5 21. Na2 Na3 22. Nxb4 Nxb1 23. Rxb1 Qxb4 24. Qxb4 cxb4 25. Bg4 f5 26. exf6 Nxf6 27. Be6+ Kh8 28. Bd4 Ne4 29. Bxg7+ Kxg7 30. g3 Nc5 31. Bh3 Nb3 32. Bf1 Nd2 33. Rc1 Nxf1 34. Kxf1 e5 35. dxe6 Rf5 36. Rc7+ Kf6 37. Rxh7 Kxe6 38. Rb7 g5 39. Rxb4 gxf4 40. Rxf4 Rxa5 41. h4 Rb5 42. Rf2 a5 43. Kg2 a4 44. Kh3 d5 45. Rf4 Rxb2 46. Rxa4 Ke5 47. h5 d4 48. Ra8 d3 49. Rd8 d2 50. h6 Rb6 51. Rxd2 Rxh6+ 52. Kg4 Rh8 53. Rf2 Rg8+ 54. Kh3 Rh8+ 55. Kg2 Ra8 56. g4 Ra3 57. Kh2 Rc3 58. g5 Ke6 59. Rf6+ Ke7 60. Kg2 Rc5 61. Rg6 1/2-1/2

[Event "Titled Tuesday intern op 15th Feb Early"]
[Site "Chess.com INT"]
[Date "2022.02.15"]
[Round "2"]
[White "Gant, Chris"]
[Black "Terry, Renato"]
[Result "0-1"]
[WhiteElo "2091"]
[BlackElo "2504"]
[PlyCount "24"]
[EventDate "2022.02.15"]
[EventType "swiss (blitz)"]
[EventRounds "11"]
[EventCountry "USA"]
[SourceTitle "CBM 206 Extra"]
[Source "ChessBase"]
[SourceDate "2022.03.31"]
[SourceVersion "1"]
[SourceVersionDate "2022.03.31"]
[SourceQuality "1"]

1. d4 e6 2. e4 d5 3. e5 c5 4. Qg4 Nc6 5. Nf3 cxd4 6. Bd3 h5 7. Qg3 h4 8. Qg4 Nh6 9. Bxh6 Rxh6 10. 0-0 f5 11. exf6 Qxf6 12. Re1 e5 0-1

[Event "GBR-ch Atkins op 106th"]
[Site "Torquay"]
[Date "2019.07.28"]
[Round "4"]
[White "Gant, Chris"]
[Black "Farrington, Edward"]
[Result "0-1"]
[WhiteElo "2125"]
[BlackElo "1951"]
[PlyCount "62"]
[EventDate "2019.07.26"]
[EventType "swiss"]
[EventRounds "5"]
[EventCountry "ENG"]
[SourceTitle "EXT 2021"]
[Source "ChessBase"]
[SourceDate "2020.10.23"]
[SourceVersion "1"]
[SourceVersionDate "2020.10.23"]
[SourceQuality "1"]

1. e4 c6 2. d4 d5 3. exd5 cxd5 4. c4 Nf6 5. Nc3 g6 6. Nf3 Bg7 7. Qb3 0-0 8. cxd5 Nbd7 9. Bg5 Nb6 10. Bxf6 Bxf6 11. Be2 e6 12. dxe6 Bxe6 13. Qd1 Nd5 14. Qd2 Nxc3 15. bxc3 Rc8 16. 0-0 Qa5 17. Rfc1 Bc4 18. Bxc4 Rxc4 19. Rc2 Rfc8 20. Rac1 Qf5 21. h3 b5 22. Rb2 a5 23. Rbb1 Be7 24. Qb2 b4 25. cxb4 axb4 26. Rxc4 Rxc4 27. Rc1 Rxc1+ 28. Qxc1 Qd5 29. Qc2 h5 30. Qb3 Qf5 31. Ne5 Bd6 0-1

[Event "GBR-ch Atkins op 106th"]
[Site "Torquay"]
[Date "2019.07.26"]
[Round "1"]
[White "Lampard, Alice"]
[Black "Gant, Chris"]
[Result "1/2-1/2"]
[WhiteElo "1729"]
[BlackElo "2125"]
[PlyCount "103"]
[EventDate "2019.07.26"]
[EventType "swiss"]
[EventRounds "5"]
[EventCountry "ENG"]
[SourceTitle "EXT 2021"]
[Source "ChessBase"]
[SourceDate "2020.10.23"]
[SourceVersion "1"]
[SourceVersionDate "2020.10.23"]
[SourceQuality "1"]

1. d4 Nf6 2. c4 c5 3. d5 b5 4. cxb5 a6 5. bxa6 g6 6. Nc3 d6 7. e4 Bg7 8. Nf3 0-0 9. Be2 Bxa6 10. 0-0 Nbd7 11. h3 Qa5 12. Bd2 Rfb8 13. Qc2 Qb4 14. Bxa6 Rxa6 15. Rab1 Ne8 16. Rfe1 Nc7 17. b3 Qb7 18. Rbd1 Nb5 19. Nxb5 Qxb5 20. Bf4 Qb4 21. Rb1 Rab6 22. Bd2 Qa3 23. Bc1 Qa6 24. Bf4 f6 25. Bd2 Ra8 26. a4 Rab8 27. Bc3 Bh6 28. Rb2 Bf4 29. g3 Be5 30. Re3 Bxc3 31. Rxc3 Rb4 32. Nd2 Qb7 33. Nc4 Ne5 34. Nxe5 fxe5 35. Ra2 Rxb3 36. Rxb3 Qxb3 37. Qxb3 Rxb3 38. a5 Kf8 39. a6 Rb8 40. Kf1 Ke8 41. Ke2 Kd7 42. Kd3 Kc7 43. Kc4 Kb6 44. Rb2+ Ka7 45. Rxb8 Kxb8 46. Kb5 Ka7 47. f3 g5 48. g4 Kb8 49. Kc4 Ka8 50. Kb5 Ka7 51. Ka5 Kb8 52. Kb5 1/2-1/2

[Event "London Classic op 10th"]
[Site "London"]
[Date "2018.12.15"]
[Round "7"]
[White "Richardson, John R"]
[Black "Gant, Chris"]
[Result "1-0"]
[WhiteElo "2242"]
[BlackElo "2135"]
[PlyCount "59"]
[EventDate "2018.12.09"]
[EventType "swiss"]
[EventRounds "9"]
[EventCountry "ENG"]
[SourceTitle "CBM 187 Extra"]
[Source "ChessBase"]
[SourceDate "2018.11.04"]
[SourceVersion "1"]
[SourceVersionDate "2018.11.04"]
[SourceQuality "1"]

1. d4 g6 2. e4 d6 3. Nc3 Nf6 4. Be3 c6 5. Qd2 Bg7 6. Bh6 0-0 7. h4 e5 8. Bxg7 Kxg7 9. 0-0-0 Qe7 10. f3 h5 11. Nh3 Na6 12. Be2 Nc7 13. Nf2 Ne6 14. d5 Nd4 15. g4 Rh8 16. Rdg1 Bd7 17. g5 Nh7 18. Bd1 c5 19. f4 exf4 20. Qxf4 b5 21. Re1 Rhe8 22. Rhf1 Qe5 23. Nd3 Qxf4+ 24. Rxf4 Re7 25. e5 b4 26. Ne4 dxe5 27. Nexc5 Rae8 28. Rxe5 Rxe5 29. Rxd4 Bf5 30. Nxe5 1-0

[Event "BCF-ch Seniors 50"]
[Site "Coventry"]
[Date "2015.08.06"]
[Round "5"]
[White "Gostelow, David W"]
[Black "Gant, Chris"]
[Result "1/2-1/2"]
[WhiteElo "2044"]
[BlackElo "2146"]
[PlyCount "50"]
[EventDate "2015.08.02"]
[EventType "swiss"]
[EventRounds "6"]
[EventCountry "ENG"]
[SourceTitle "CBM 167 Extra"]
[Source "ChessBase"]
[SourceDate "2015.09.14"]
[SourceVersion "1"]
[SourceVersionDate "2015.09.14"]
[SourceQuality "1"]

1. d4 Nf6 2. Nf3 c5 3. c3 b6 4. Bf4 Bb7 5. e3 e6 6. Nbd2 Be7 7. h3 0-0 8. Be2 d6 9. 0-0 Nbd7 10. Qc2 Re8 11. Rfd1 h6 12. dxc5 Nxc5 13. Nb3 Qc7 14. Bh2 Rad8 15. Rac1 a6 16. Nxc5 Qxc5 17. b4 Qc6 18. Qb3 b5 19. c4 bxc4 20. Rxc4 Qb6 21. Qa4 Rc8 22. Rdc1 Rxc4 23. Rxc4 Rc8 24. Rxc8+ Bxc8 25. Qc2 Bb7 1/2-1/2

[Event "Guernsey op 38th"]
[Site "Guernsey"]
[Date "2012.10.27"]
[Round "7"]
[White "Gant, Chris"]
[Black "Bakker, Joop"]
[Result "1/2-1/2"]
[WhiteElo "2170"]
[BlackElo "1982"]
[PlyCount "105"]
[EventDate "2012.10.21"]
[EventType "swiss"]
[EventRounds "7"]
[EventCountry "GCI"]
[SourceTitle "EXT 2013"]
[Source "ChessBase"]
[SourceDate "2012.11.22"]
[SourceVersion "1"]
[SourceVersionDate "2012.11.22"]
[SourceQuality "1"]

1. d4 g6 2. e4 Bg7 3. Nf3 c6 4. Bd3 d5 5. Nc3 dxe4 6. Nxe4 Nd7 7. Qe2 Qc7 8. 0-0 Ndf6 9. Neg5 Nh6 10. Re1 Bg4 11. h3 Bxf3 12. Nxf3 e6 13. Bg5 Nf5 14. Bxf5 gxf5 15. Rad1 Ne4 16. Bh4 Bf6 17. Bxf6 Nxf6 18. Ng5 Qd6 19. Qe5 Qxe5 20. dxe5 Nd5 21. c4 Nb6 22. b3 h6 23. Nf3 Ke7 24. Rd4 Rad8 25. Red1 c5 26. Rxd8 Rxd8 27. Rxd8 Kxd8 28. Kh2 Nd7 29. Kg3 f6 30. exf6 Nxf6 31. Kf4 Ke7 32. Ne5 Ne4 33. f3 Nd6 34. g4 b6 35. Nc6+ Kf6 36. Nxa7 e5+ 37. Ke3 f4+ 38. Kd3 Kg5 39. Nb5 Nf7 40. Nc3 Kh4 41. Ne4 Kxh3 42. a3 Kg2 43. Nd2 Ng5 44. b4 Nxf3 45. Ne4 cxb4 46. axb4 Nd4 47. c5 bxc5 48. bxc5 f3 49. Ke3 Nc2+ 50. Kd3 Nd4 51. Ke3 Nc2+ 52. Kd3 Nd4 53. Ke3 1/2-1/2